Loading...
| Beliefs | 8 | 15.00 | 50% | 63% | 38% |
| Fine Arts - Classical Music and Opera | 8 | 20.00 | 75% | 50% | 75% |
| Fine Arts - Other | 7 | 17.14 | 43% | 71% | 57% |
| Fine Arts - Visual | 9 | 18.89 | 67% | 56% | 67% |
| Geography | 5 | 14.00 | 40% | 60% | 40% |
| History - European | 7 | 8.57 | 14% | 29% | 43% |
| History - Other | 4 | 15.00 | 25% | 50% | 75% |
| History - US | 8 | 16.25 | 63% | 50% | 50% |
| History - World | 6 | 13.33 | 33% | 67% | 33% |
| Literature - American | 7 | 11.43 | 29% | 57% | 29% |
| Literature - British | 6 | 15.00 | 50% | 67% | 33% |
| Literature - European | 9 | 12.22 | 22% | 44% | 56% |
| Literature - World | 7 | 15.71 | 29% | 71% | 57% |
| Modern World | 4 | 7.50 | 0% | 25% | 50% |
| Other Academic | 1 | 10.00 | 0% | 100% | 0% |
| Philosophy | 3 | 10.00 | 0% | 33% | 67% |
| Science - Biology | 6 | 15.00 | 50% | 83% | 17% |
| Science - Chemistry | 5 | 18.00 | 80% | 40% | 60% |
| Science - Earth | 2 | 30.00 | 100% | 100% | 100% |
| Science - Other | 5 | 10.00 | 60% | 40% | 0% |
| Science - Physics | 6 | 11.67 | 50% | 33% | 33% |
| Social Science | 5 | 18.00 | 80% | 40% | 60% |